Chaîne de mots "SIGLE" - Statistiques

Statistiques générales
  • Ce quiz a été pris 449 fois
  • Le résultat moyen est 15 sur 35
Statistiques - réponses
Hint Réponse % Correct
Bar ou l'on peut parier sur un cheval PMU
95%
0 blablas, 0 tracas MMA
93%
Club ultra dominateur de la Ligue 1 PSG
85%
Autre nom du sport à l'école EPS
84%
193 États la regroupe ONU
71%
_ _ _ 117 tel est le nom du film dont Jean Dujardin à été l'acteur OSS
70%
Opposé du Nord-Est SO
68%
Le train n°8747 à destination de Lyon entrera en gare voie K SNCF
66%
On le signe pour travailler de tel jour jusqu'a telle date CDD
63%
35h suffisent normalement pour le toucher SMIC
62%
En 2007, se véhicule a franchi 574,8 km/h TGV
62%
Autre nom médical d'un scanner ou d'une radio IRM
61%
Lien que l'on met dans la barre de recherche pour accéder a un document URL
61%
Que choisir, ou combat d'arts martiaux UFC
60%
Marseille, Nice, Avignon, Gap, Toulon en font partie PACA
59%
Chaîne de télévision nationale française dans les 10 premières les plus regardées M6
53%
Une interrogation qui à plusieurs réponses possibles QCM
48%
Elle possède surement votre compte Améli CPAM
42%
Acronyme anglais pour forces, faiblesses, opportunités et menaces SWOT
42%
Licence permettant de travailler dans le sport STAPS
41%
Organisme national du "ping-pong" FFTT
37%
Aide financière d'une personne avec un certain taux d'invalidité AAH
27%
Club de foot principal du chef-lieu de la région Bretagne SRFC
22%
Établissement permettant le jugement dès le début du litige avant d'aller en Cour d'Appel TGI
19%
Dispositif permettant de se reconvertir assez rapidement VAE
18%
Méthode de gestion voulant que le premier produit entré soit aussi le premier écoulé FIFO
16%
Les émissions de ce pétrole sont déterminantes pour acheter un bien GES
15%
Ancienne "Commission des Droits et de l'Autonomie des Personnes Handicapées" COTOREP
6%
Formation nécessaire pour pouvoir travailler dans des cuisines HACCP
6%
Travailleurs .euses compétents au sein d'un hôpital ASQ / AHQ
4%
Le L de Ligue + le sigle de la région donne un prénom féminin AURA
4%
Dans cette habitation, il y a un souvent un foyer de vie MAS
4%
Diplôme permettant de devenir entraîneur a temps plein et haut niveau DESJEPS
2%
Organisation internationale pacifiste existant entre 1931 et 1939 LICP
2%
Pôle régional de sport adapté pour sportifs de haut niveau PERF
1%
Aucun quiz correspondant
Distribution des résultats
% des personnes avec chaque résultat
Percentile par nombre de réponses
Votre historique - résultats
Vous n’avez pas pris ce quiz